| 000 | 00419nam a22001337a 4500 | ||
|---|---|---|---|
| 008 | 140124b xxu||||| |||| 00| 0 eng d | ||
| 050 | _aSPC LA1596.M9 | ||
| 100 |
_aMwanakatwe, J. M. _97092 |
||
| 245 | _aThe Growth of education in Zambia since independence | ||
| 260 |
_aLusaka _bOxford University Press _c1968 |
||
| 300 |
_axiii; 260p. _c21cm |
||
| 650 |
_aEducation - Zambia - History _97093 |
||
| 942 |
_2lcc _cMONOGRAPH |
||
| 999 |
_c119701 _d119701 |
||